Formy e-commerce B2B modelu v podmienkach slovenského internetového trhu

Na minha lista:
Detalhes bibliográficos
Autor principal: Dorčák, Peter, 1979-
Outros Autores: Fedorko, Richard
Formato: Capítulo de Livro
Idioma:eslovaco
Tags: Adicionar Tag
Sem tags, seja o primeiro a adicionar uma tag!

MARC

LEADER 00000naa$a2200000$$$4500
001 0226857
005 20240502073735.1
041 0 |a slo 
044 |a SK 
245 1 0 |a Formy e-commerce B2B modelu v podmienkach slovenského internetového trhu  |c Peter Dorčák, Richard Fedorko 
100 1 |a Dorčák, Peter, 1979- 
700 1 |a Fedorko, Richard